| 000 | 00866nam a22002535i 4500 | ||
|---|---|---|---|
| 001 | 11668 | ||
| 003 | ES-MaACL | ||
| 005 | 20250804042151.0 | ||
| 007 | t| | ||
| 008 | 960219s1993 sp ||||0| spa j | ||
| 020 | _a84-7658-376-1 | ||
| 040 |
_aM-BN _bspa _cM-BN |
||
| 080 | _a398.8(460.33+460.35) | ||
| 100 | 1 |
_aGarcía Gómez, Génesis. _954692 |
|
| 245 | 1 | 0 |
_aCante flamenco, cante minero _b: una interpretación sociocultural / _cGénesis García Gómez. |
| 250 | _a1ª ed. | ||
| 260 |
_aBarcelona : _bAnthropos ; _aMurcia : _bEditora Regional de Murcia, _c1993. |
||
| 300 |
_a360 p : _bil ; _c20 cm. |
||
| 490 | 1 |
_aAutores, textos y temas. Antropología ; _v27 |
|
| 650 | 1 | 7 |
_aCante flamenco _2embne _910750 |
| 830 | 0 |
_aAutores, textos y temas. Antropología _v27 _9177281 |
|
| 852 |
_aES-MaACL _jL-19073 _bR.121268 |
||
| 999 |
_c11668 _d11668 |
||